[Event "Titled Tuesday intern op 21st May Early"]
[Site "Chess.com INT"]
[Date "2024.05.21"]
[Round "2"]
[White "Mahdavi, Reza"]
[Black "Shaik, Sumer Arsh"]
[Result "1-0"]
[WhiteElo "2353"]
[BlackElo "2089"]
[PlyCount "71"]
[EventDate "2024.05.21"]
[EventType "swiss (blitz)"]
[EventRounds "11"]
[EventCountry "USA"]
[SourceTitle "CB22_2024"]
[SourceDate "2024.05.29"]
[SourceVersion "1"]
[SourceVersionDate "2024.05.29"]
[SourceQuality "1"]

1. e4 e6 2. d3 d5 3. Nd2 Nf6 4. Ngf3 c5 5. g3 Be7 6. Bg2 0-0 7. 0-0 Nc6 8. Re1 Qc7 9. e5 Nd7 10. Qe2 b5 11. Nf1 a5 12. h4 a4 13. a3 b4 14. Bf4 bxa3 15. bxa3 Ba6 16. h5 Nd4 17. Qd2 Rab8 18. h6 g6 19. Ra2 Rfc8 20. N1h2 Nxf3+ 21. Bxf3 d4 22. Ng4 c4 23. Bg5 Qd8 24. Bxe7 Qxe7 25. Qf4 cxd3 26. cxd3 Bxd3 27. Qxd4 Bf5 28. Qxd7 Qg5 29. Nf6+ Kh8 30. Qxf7 Qxh6 31. Rd2 Rf8 32. Qa7 Rbd8 33. Rxd8 Rxd8 34. Qxa4 Qg7 35. Rd1 h5 36. Rxd8+ 1-0

[Event "Titled Tuesday intern op 21st May Early"]
[Site "Chess.com INT"]
[Date "2024.05.21"]
[Round "7"]
[White "Mazurkiewicz, Michal"]
[Black "Shaik, Sumer Arsh"]
[Result "1-0"]
[WhiteElo "2145"]
[BlackElo "2089"]
[PlyCount "81"]
[EventDate "2024.05.21"]
[EventType "swiss (blitz)"]
[EventRounds "11"]
[EventCountry "USA"]
[SourceTitle "CB22_2024"]
[SourceDate "2024.05.29"]
[SourceVersion "1"]
[SourceVersionDate "2024.05.29"]
[SourceQuality "1"]

1. e4 e6 2. d3 d5 3. Nd2 Nf6 4. Ngf3 c5 5. g3 Be7 6. Bg2 0-0 7. e5 Nfd7 8. 0-0 Nc6 9. Re1 Qc7 10. Qe2 b5 11. h4 Bb7 12. c3 a5 13. Nf1 b4 14. Bf4 Ba6 15. Ne3 a4 16. Nxd5 exd5 17. e6 Bd6 18. Bxd6 Qxd6 19. exd7 Qxd7 20. Ne5 Nxe5 21. Qxe5 Rad8 22. cxb4 cxb4 23. d4 Bc4 24. a3 Qb5 25. Qe7 bxa3 26. bxa3 Qb2 27. Qb4 Qxd4 28. Qxa4 h6 29. Qd1 Qc5 30. a4 Rd6 31. a5 Rf6 32. Qd2 Ra8 33. Bf1 Rfa6 34. Qc2 Qb5 35. Bxc4 dxc4 36. Rec1 Rc8 37. Qc3 Rc5 38. Rcb1 Qc6 39. Rb8+ Kh7 40. Qc2+ Qg6 41. Qc3 1-0

[Event "Titled Tuesday intern op 16th Apr Early"]
[Site "Chess.com INT"]
[Date "2024.04.16"]
[Round "1"]
[White "Lauda, Alexandr"]
[Black "Shaik, Sumer Arsh"]
[Result "0-1"]
[WhiteElo "2198"]
[BlackElo "2089"]
[PlyCount "68"]
[EventDate "2024.04.16"]
[EventType "swiss (blitz)"]
[EventRounds "11"]
[EventCountry "USA"]
[SourceTitle "CB17_2024"]
[SourceDate "2024.04.24"]
[SourceVersion "1"]
[SourceVersionDate "2024.04.24"]
[SourceQuality "1"]

1. e4 e6 2. d4 d5 3. e5 c5 4. c3 Nc6 5. Nf3 Qb6 6. Bd3 cxd4 7. cxd4 Bd7 8. 0-0 Nxd4 9. Nxd4 Qxd4 10. Nc3 a6 11. Qe2 Rc8 12. Kh1 Bc5 13. Bd2 Ne7 14. f4 Ba7 15. a3 Bc6 16. Rf3 Qb6 17. Rg3 g6 18. Be3 d4 19. Bg1 Nf5 20. Bxf5 gxf5 21. Rd1 Rd8 22. Qh5 Qxb2 23. Rg7 Rf8 24. Rd3 dxc3 25. Rxd8+ Kxd8 26. Bxa7 Qb1+ 27. Bg1 c2 28. Qg5+ Kc8 29. Qe7 Rd8 30. Rxf7 Qxg1+ 31. Kxg1 c1Q+ 32. Kf2 Qd2+ 33. Kg3 Qxg2+ 34. Kh4 Qg4# 0-1

[Event "Titled Tuesday intern op 16th Apr Early"]
[Site "Chess.com INT"]
[Date "2024.04.16"]
[Round "6"]
[White "Shevchuk, Olexandr"]
[Black "Shaik, Sumer Arsh"]
[Result "0-1"]
[WhiteElo "2093"]
[BlackElo "2089"]
[PlyCount "66"]
[EventDate "2024.04.16"]
[EventType "swiss (blitz)"]
[EventRounds "11"]
[EventCountry "USA"]
[SourceTitle "CB17_2024"]
[SourceDate "2024.04.24"]
[SourceVersion "1"]
[SourceVersionDate "2024.04.24"]
[SourceQuality "1"]

1. d4 Nf6 2. c4 e6 3. g3 d5 4. Nf3 Bb4+ 5. Bd2 Be7 6. Bg2 0-0 7. 0-0 c6 8. Qc2 Nbd7 9. Rd1 b6 10. Bf4 Bb7 11. Nc3 Rc8 12. e4 dxe4 13. Nxe4 Nxe4 14. Qxe4 Nf6 15. Qe2 h6 16. a3 Bd6 17. Ne5 Qe7 18. b4 c5 19. Bxb7 Qxb7 20. dxc5 Bxe5 21. Bxe5 bxc5 22. Bd6 Rfe8 23. Bxc5 Ne4 24. Bd4 Ng5 25. f3 Nxf3+ 26. Kf2 Ng5 27. Rac1 e5 28. Bb2 Nh3+ 29. Ke1 Rcd8 30. Rxd8 Rxd8 31. Rd1 Qh1+ 32. Qf1 Rxd1+ 33. Kxd1 Qxf1+ 0-1

[Event "Titled Tuesday intern op 16th Apr Early"]
[Site "Chess.com INT"]
[Date "2024.04.16"]
[Round "3"]
[White "Womacka, Mathias"]
[Black "Shaik, Sumer Arsh"]
[Result "1-0"]
[WhiteElo "2359"]
[BlackElo "2089"]
[PlyCount "99"]
[EventDate "2024.04.16"]
[EventType "swiss (blitz)"]
[EventRounds "11"]
[EventCountry "USA"]
[SourceTitle "CB17_2024"]
[SourceDate "2024.04.24"]
[SourceVersion "1"]
[SourceVersionDate "2024.04.24"]
[SourceQuality "1"]

1. e4 e6 2. d4 d5 3. Nd2 c5 4. exd5 Qxd5 5. Ngf3 cxd4 6. Bc4 Qd6 7. 0-0 Nf6 8. Nb3 Nc6 9. Nbxd4 Nxd4 10. Nxd4 a6 11. Re1 Qc7 12. Bf1 Bd6 13. Nf5 Bxh2+ 14. Kh1 Kf8 15. g3 exf5 16. Bf4 Qc6+ 17. Bg2 Qb6 18. Qd6+ Qxd6 19. Bxd6+ Kg8 20. Kxh2 h5 21. Re7 Rh6 22. Bf4 Ng4+ 23. Kg1 Rb6 24. b3 a5 25. Rd1 Be6 26. Rxb7 Rxb7 27. Bxb7 Ra7 28. Rd8+ Kh7 29. Bf3 a4 30. Ra8 Rxa8 31. Bxa8 axb3 32. axb3 f6 33. c4 g5 34. Bd6 Ne5 35. Kf1 Kg6 36. Ke2 Nxc4 37. bxc4 Bxc4+ 38. Ke3 Be6 39. Be7 Kf7 40. Bd8 Bc4 41. Kd4 Be6 42. Bd5 f4 43. gxf4 Bxd5 44. Kxd5 g4 45. f5 h4 46. Bc7 Kg7 47. Ke6 Kh6 48. Kxf6 Kh5 49. Kg7 Kg5 50. f6 1-0

[Event "Titled Tuesday intern op 02nd Apr Early"]
[Site "Chess.com INT"]
[Date "2024.04.02"]
[Round "6"]
[White "Shaik, Sumer Arsh"]
[Black "Lenoir Ibacache, Gabriel Alberto"]
[Result "1-0"]
[WhiteElo "2089"]
[BlackElo "2228"]
[PlyCount "47"]
[EventDate "2024.04.02"]
[EventType "swiss (blitz)"]
[EventRounds "11"]
[EventCountry "USA"]
[SourceTitle "CB15_2024"]
[SourceDate "2024.04.10"]
[SourceVersion "1"]
[SourceVersionDate "2024.04.10"]
[SourceQuality "1"]

1. d4 d5 2. c4 e6 3. Nf3 Nf6 4. Nc3 c6 5. e3 Nbd7 6. Be2 dxc4 7. Bxc4 b5 8. Bd3 Bb7 9. 0-0 a6 10. Bd2 Bd6 11. Rc1 h6 12. Ne4 Nxe4 13. Bxe4 Qb6 14. Qc2 Rb8 15. Bxc6 Rc8 16. Bxd7+ Kxd7 17. Qd3 Qa7 18. Ne5+ Ke7 19. a3 Qa8 20. f3 Rxc1 21. Rxc1 Rd8 22. Bb4 f6 23. Rc7+ Kf8 24. Qg6 1-0

[Event "IND-ch U15 48th"]
[Site "Jalgaon"]
[Date "2023.12.28"]
[Round "2"]
[White "Shaik, Sumer Arsh"]
[Black "Niladri, Banerjee"]
[Result "1-0"]
[WhiteElo "2255"]
[BlackElo "1651"]
[PlyCount "77"]
[EventDate "2023.12.27"]
[EventType "swiss"]
[EventRounds "11"]
[EventCountry "IND"]
[SourceTitle "CB02_2024"]
[SourceDate "2024.01.10"]
[SourceVersion "1"]
[SourceVersionDate "2024.01.10"]
[SourceQuality "1"]

1. d4 Nf6 2. c4 g6 3. Nc3 Bg7 4. e4 d6 5. Nf3 0-0 6. Be2 e5 7. Be3 Nbd7 8. 0-0 Re8 9. d5 h6 10. Nd2 g5 11. b4 Nf8 12. c5 Ng6 13. Nc4 b6 14. cxd6 cxd6 15. a4 Nf4 16. f3 Qd7 17. Rf2 Bb7 18. Bf1 g4 19. Nb5 Ba6 20. Nbxd6 Bxc4 21. Nxe8 Qxe8 22. Bxc4 h5 23. Bb5 Qd8 24. Bxf4 exf4 25. Rd2 Qd6 26. Rc1 Kh7 27. Qc2 Qe5 28. Qc7 Qg5 29. d6 gxf3 30. d7 Ng4 31. d8Q Rxd8 32. Qxd8 f2+ 33. Kh1 Bf6 34. Qd5 Qh4 35. Qxf7+ Kh6 36. Qf8+ Kg5 37. Rd5+ Ne5 38. Rxe5+ Bxe5 39. Qf5+ 1-0

[Event "Titled Tuesday intern op 19th Dec Early"]
[Site "Chess.com INT"]
[Date "2023.12.19"]
[Round "7"]
[White "Leiva Rodriguez, Jeammarco Giuseppe"]
[Black "Shaik, Sumer Arsh"]
[Result "0-1"]
[WhiteElo "2398"]
[BlackElo "2255"]
[PlyCount "56"]
[EventDate "2023.12.19"]
[EventType "swiss (blitz)"]
[EventRounds "11"]
[EventCountry "USA"]
[SourceTitle "CB52_2023"]
[SourceDate "2023.12.27"]
[SourceVersion "1"]
[SourceVersionDate "2023.12.27"]
[SourceQuality "1"]

1. e4 e6 2. d4 d5 3. Nc3 Bb4 4. e5 c5 5. a3 Bxc3+ 6. bxc3 Ne7 7. h4 Qa5 8. Bd2 Nbc6 9. h5 Bd7 10. h6 g6 11. Nf3 c4 12. a4 0-0-0 13. Ng5 Rdf8 14. Rh3 f6 15. exf6 Rxf6 16. Rf3 Rxf3 17. Qxf3 Nf5 18. g4 Nd6 19. Qf6 Re8 20. Nxh7 Ne4 21. Qg7 e5 22. Nf8 Re7 23. h7 Rxg7 24. h8Q Re7 25. Nxd7+ Kxd7 26. g5 exd4 27. Bh3+ Kc7 28. Rb1 Nxd2+ 0-1

[Event "Titled Tuesday intern op 19th Dec Early"]
[Site "Chess.com INT"]
[Date "2023.12.19"]
[Round "2"]
[White "Shaik, Sumer Arsh"]
[Black "Beerdsen, Thomas"]
[Result "0-1"]
[WhiteElo "2255"]
[BlackElo "2511"]
[PlyCount "46"]
[EventDate "2023.12.19"]
[EventType "swiss (blitz)"]
[EventRounds "11"]
[EventCountry "USA"]
[SourceTitle "CB52_2023"]
[SourceDate "2023.12.27"]
[SourceVersion "1"]
[SourceVersionDate "2023.12.27"]
[SourceQuality "1"]

1. d4 Nf6 2. c4 a6 3. Nf3 b5 4. cxb5 axb5 5. e3 b4 6. Bc4 e6 7. 0-0 Bb7 8. b3 c5 9. a4 Nc6 10. Bb2 Na5 11. Nbd2 Be7 12. dxc5 Bxc5 13. Bb5 0-0 14. Nc4 Nxc4 15. Bxc4 Ne4 16. Qe2 Nc3 17. Bxc3 bxc3 18. Rac1 Qf6 19. e4 d5 20. e5 Qf4 21. Bb5 d4 22. Ne1 Qxc1 23. Nd3 Qa3 0-1

[Event "Tamil Nadu IM 5th"]
[Site "Chennai"]
[Date "2023.11.14"]
[Round "4"]
[White "Podolchenko, Evgeniy"]
[Black "Shaik, Sumer Arsh"]
[Result "1/2-1/2"]
[WhiteElo "2395"]
[BlackElo "2273"]
[PlyCount "147"]
[EventDate "2023.11.12"]
[EventType "tourn"]
[EventRounds "9"]
[EventCountry "IND"]
[EventCategory "1"]
[SourceTitle "CB48_2023"]
[SourceDate "2023.11.29"]
[SourceVersion "1"]
[SourceVersionDate "2023.11.29"]
[SourceQuality "1"]

1. d4 Nf6 2. c4 e6 3. Nc3 Bb4 4. Qc2 0-0 5. a3 Bxc3+ 6. Qxc3 d5 7. Nf3 dxc4 8. Qxc4 b6 9. Bg5 Ba6 10. Qc2 h6 11. Bh4 Bb7 12. e3 Nbd7 13. Rd1 Rc8 14. Be2 c5 15. Qa4 Bc6 16. Qa6 Qc7 17. Bg3 Qb7 18. 0-0 Ne4 19. Rc1 Nxg3 20. hxg3 Qa8 21. Qc4 b5 22. Qc3 c4 23. Qa5 Qb7 24. a4 a6 25. Ra1 Bd5 26. Rfc1 Nf6 27. Ne5 Ne4 28. Bf3 Nf6 29. axb5 axb5 30. Qa6 Qxa6 31. Rxa6 Ra8 32. Rca1 Rxa6 33. Rxa6 Rb8 34. Ra7 b4 35. Bxd5 exd5 36. f3 b3 37. Ra1 Ne8 38. e4 Nf6 39. Nc6 Rb6 40. Ne7+ Kf8 41. Nxd5 Nxd5 42. exd5 Ke7 43. Kf2 Kd6 44. Ke3 c3 45. bxc3 b2 46. Rb1 Rb3 47. Kd3 Kxd5 48. g4 g6 49. Kc2 Kc4 50. Rxb2 Rxc3+ 51. Kd2 Ra3 52. Rb7 Kxd4 53. Ke2 Ra2+ 54. Kf1 f5 55. gxf5 gxf5 56. Re7 Kd5 57. Kg1 Ra6 58. Kh2 Re6 59. Ra7 Ke5 60. Ra5+ Kf4 61. Kh3 Kg5 62. Kg3 Rd6 63. Ra8 Rc6 64. Rg8+ Rg6 65. Rf8 Rf6 66. Rh8 Rd6 67. f4+ Kh5 68. Kh3 Rd3+ 69. g3 Rd1 70. Rf8 Rh1+ 71. Kg2 Rb1 72. Rg8 Rb2+ 73. Kh3 Rh2+ 74. Kxh2 1/2-1/2

[Event "Tamil Nadu IM 5th"]
[Site "Chennai"]
[Date "2023.11.13"]
[Round "3"]
[White "Shaik, Sumer Arsh"]
[Black "Gochelashvili, David"]
[Result "1/2-1/2"]
[WhiteElo "2273"]
[BlackElo "2304"]
[PlyCount "109"]
[EventDate "2023.11.12"]
[EventType "tourn"]
[EventRounds "9"]
[EventCountry "IND"]
[EventCategory "1"]
[SourceTitle "CB48_2023"]
[SourceDate "2023.11.29"]
[SourceVersion "1"]
[SourceVersionDate "2023.11.29"]
[SourceQuality "1"]

1. d4 Nf6 2. c4 g6 3. Nc3 Bg7 4. e4 d6 5. Nf3 0-0 6. Be2 e5 7. Be3 Nbd7 8. 0-0 c6 9. d5 c5 10. Ne1 Kh8 11. Nd3 Ng8 12. f3 f5 13. a3 f4 14. Bf2 g5 15. g4 fxg3 16. hxg3 Ne7 17. Kg2 Ng6 18. Rh1 Bf6 19. Qd2 Kg7 20. Rh5 h6 21. Rah1 Rh8 22. Be3 a6 23. f4 b6 24. f5 Ne7 25. Nf2 Ng8 26. Ng4 Be7 27. Bf2 Rh7 28. Nd1 Ndf6 29. Nxf6 Bxf6 30. Ne3 Bd7 31. Ng4 Be8 32. Nxf6 Qxf6 33. R5h2 Ra7 34. Be3 Kh8 35. b4 Rhg7 36. Qc2 Kh7 37. a4 a5 38. b5 Rac7 39. Qc1 Ra7 40. Bh5 Raf7 41. Bxf7 Bxf7 42. g4 Be8 43. Kg3 Bf7 44. Rh3 Be8 45. R1h2 Bf7 46. Qd2 Be8 47. Rh1 Bf7 48. Qe1 Be8 49. Bd2 Ra7 50. Kf3 Kh8 51. R1h2 Kh7 52. Kg3 Kh8 53. Qc1 Rg7 54. Rh1 Kh7 55. R1h2 1/2-1/2

[Event "Tamil Nadu IM 4th"]
[Site "Chennai"]
[Date "2023.11.10"]
[Round "8"]
[White "Laddha, Yash Jayesh"]
[Black "Shaik, Sumer Arsh"]
[Result "1-0"]
[WhiteElo "2171"]
[BlackElo "2273"]
[PlyCount "81"]
[EventDate "2023.11.06"]
[EventType "tourn"]
[EventRounds "9"]
[EventCountry "IND"]
[EventCategory "2"]
[SourceTitle "CB46_2023"]
[SourceDate "2023.11.15"]
[SourceVersion "1"]
[SourceVersionDate "2023.11.15"]
[SourceQuality "1"]

1. d4 Nf6 2. Nc3 d5 3. Bf4 c5 4. e4 Nxe4 5. Nxe4 dxe4 6. dxc5 Qa5+ 7. c3 Qxc5 8. Qa4+ Bd7 9. Qxe4 Bc6 10. Qe3 Nd7 11. Nf3 Qxe3+ 12. Bxe3 e5 13. Bc4 f6 14. 0-0-0 Bc5 15. Bxc5 Nxc5 16. Rhe1 Ne4 17. Bd5 Nxf2 18. Nxe5 0-0-0 19. Nxc6 bxc6 20. Be6+ Kc7 21. Rxd8 Rxd8 22. Bf5 Nd3+ 23. Bxd3 Rxd3 24. Re7+ Rd7 25. Rxd7+ Kxd7 26. b4 h5 27. Kd2 Kd6 28. Kd3 g5 29. a4 f5 30. g3 Ke5 31. c4 f4 32. gxf4+ Kxf4 33. b5 Ke5 34. bxc6 Kd6 35. Ke4 Kxc6 36. Kf5 a5 37. Kxg5 Kc5 38. Kxh5 Kxc4 39. Kg4 Kb4 40. h4 Kxa4 41. h5 1-0

[Event "Tamil Nadu IM 4th"]
[Site "Chennai"]
[Date "2023.11.08"]
[Round "4"]
[White "Podolchenko, Evgeniy"]
[Black "Shaik, Sumer Arsh"]
[Result "1/2-1/2"]
[WhiteElo "2395"]
[BlackElo "2273"]
[PlyCount "114"]
[EventDate "2023.11.06"]
[EventType "tourn"]
[EventRounds "9"]
[EventCountry "IND"]
[EventCategory "2"]
[SourceTitle "CB46_2023"]
[SourceDate "2023.11.15"]
[SourceVersion "1"]
[SourceVersionDate "2023.11.15"]
[SourceQuality "1"]

1. d4 Nf6 2. c4 e6 3. Nc3 Bb4 4. Qc2 0-0 5. a3 Bxc3+ 6. Qxc3 d5 7. cxd5 Ne4 8. Qc2 exd5 9. Bf4 Nc6 10. e3 Re8 11. Nf3 g5 12. Bg3 Bf5 13. Bd3 g4 14. Ne5 Nxe5 15. dxe5 Re6 16. f3 Rc6 17. Qe2 Nxg3 18. hxg3 gxf3 19. gxf3 Qg5 20. g4 Bxd3 21. Qxd3 Qg6 22. Qxg6+ hxg6 23. Rh2 Re8 24. f4 f6 25. Kd2 fxe5 26. Rah1 Kf7 27. Rh7+ Kf6 28. g5+ Ke6 29. Rg7 Kf5 30. Rf7+ Ke4 31. fxe5 Kxe5 32. Rhh7 Ree6 33. Rxc7 Rxc7 34. Rxc7 Rb6 35. b4 Ra6 36. Rxb7 Rxa3 37. Rg7 Kf5 38. Rd7 Kxg5 39. Rxd5+ Kg4 40. Rd4+ Kg3 41. Rd5 Kg4 42. Rd4+ Kg3 43. Rd5 Kf3 44. Re5 Kg4 45. Re4+ Kf3 46. Rf4+ Kg3 47. Rf7 g5 48. e4 Rb3 49. Rxa7 Rxb4 50. Ke3 g4 51. e5 Kh4 52. e6 Kg5 53. e7 Rb8 54. Ke4 Kf6 55. Kf4 Re8 56. Kxg4 Rxe7 57. Rxe7 Kxe7 1/2-1/2

[Event "Tamil Nadu IM 4th"]
[Site "Chennai"]
[Date "2023.11.08"]
[Round "5"]
[White "Shaik, Sumer Arsh"]
[Black "Gochelashvili, David"]
[Result "1-0"]
[WhiteElo "2273"]
[BlackElo "2304"]
[PlyCount "79"]
[EventDate "2023.11.06"]
[EventType "tourn"]
[EventRounds "9"]
[EventCountry "IND"]
[EventCategory "2"]
[SourceTitle "CB46_2023"]
[SourceDate "2023.11.15"]
[SourceVersion "1"]
[SourceVersionDate "2023.11.15"]
[SourceQuality "1"]

1. d4 Nf6 2. c4 g6 3. Nc3 Bg7 4. e4 d6 5. Nf3 0-0 6. Be2 e5 7. Be3 Nbd7 8. 0-0 c6 9. d5 Qe7 10. Qc2 Ng4 11. Bg5 f6 12. Bd2 f5 13. Ng5 Nb6 14. a4 f4 15. a5 Nxd5 16. cxd5 Qxg5 17. a6 cxd5 18. Qb3 Rf7 19. axb7 Rxb7 20. Qxd5+ Kh8 21. Nb5 Nf6 22. Qc6 Bh3 23. Bf3 Rab8 24. Nxd6 Re7 25. Qc5 Bf8 26. Qc4 Kg7 27. Nb5 Rd7 28. Bc1 Rb6 29. Nc7 Kh6 30. Ra5 Rb4 31. Qc6 Rb3 32. Ne6 Qh4 33. g3 Rxf3 34. gxh4 Rd6 35. Qa8 Be7 36. Ng5 Bxf1 37. Kxf1 Rd1+ 38. Ke2 Rfd3 39. Rxe5 Rd8 40. Nf7+ 1-0

[Event "Tamil Nadu IM 4th"]
[Site "Chennai"]
[Date "2023.11.07"]
[Round "3"]
[White "Shaik, Sumer Arsh"]
[Black "Nandhidhaa, PV."]
[Result "1/2-1/2"]
[WhiteElo "2273"]
[BlackElo "2272"]
[PlyCount "134"]
[EventDate "2023.11.06"]
[EventType "tourn"]
[EventRounds "9"]
[EventCountry "IND"]
[EventCategory "2"]
[SourceTitle "CB46_2023"]
[SourceDate "2023.11.15"]
[SourceVersion "1"]
[SourceVersionDate "2023.11.15"]
[SourceQuality "1"]

1. d4 Nf6 2. c4 e6 3. Nf3 d5 4. Nc3 Bb4 5. cxd5 exd5 6. Bg5 h6 7. Bh4 0-0 8. e3 Bf5 9. Qb3 Bxc3+ 10. Qxc3 Nbd7 11. Be2 c6 12. Nd2 Ne4 13. Bxd8 Nxc3 14. bxc3 Rfxd8 15. a4 Nf6 16. Nf1 Ne4 17. Ng3 Bg6 18. Nxe4 Bxe4 19. f3 Bg6 20. Kd2 Rd7 21. a5 Re8 22. Rhe1 Rde7 23. Bd3 Bxd3 24. Kxd3 f5 25. Ra4 Kf7 26. c4 Ke6 27. Rb4 Kd6 28. h3 h5 29. c5+ Kc7 30. h4 g6 31. Rb3 a6 32. Rb2 Kc8 33. Rbe2 Rd8 34. Rb2 Rde8 35. Rbe2 Rd8 36. Rb2 Rde8 37. Rb3 Kc7 38. Ke2 Rg8 39. Kf2 g5 40. hxg5 Rxg5 41. Reb1 Kc8 42. Rh1 Reg7 43. Rh2 h4 44. Rb1 Kd8 45. Rg1 Rh7 46. Rgh1 Rhg7 47. Kf1 Ke7 48. Rxh4 Rxg2 49. Rh7 Kf6 50. R1h6+ R2g6 51. Kf2 Rxh6 52. Rxh6+ Rg6 53. Rh8 Rg7 54. Rb8 Ke6 55. Rf8 Rf7 56. Rh8 Rg7 57. Rh6+ Kf7 58. e4 fxe4 59. fxe4 dxe4 60. Ke3 Ke7 61. Kxe4 Kd7 62. d5 cxd5+ 63. Kxd5 Rg5+ 64. Kd4 Rg4+ 65. Kd5 Rg5+ 66. Kd4 Rg4+ 67. Kd5 Rg5+ 1/2-1/2

[Event "Arandjelovac op 2nd"]
[Site "Arandjelovac"]
[Date "2023.08.01"]
[Round "3"]
[White "Shaik, Sumer Arsh"]
[Black "Srdanovic, Jovana"]
[Result "1/2-1/2"]
[WhiteElo "2232"]
[BlackElo "2090"]
[PlyCount "59"]
[EventDate "2023.07.31"]
[EventType "swiss"]
[EventRounds "9"]
[EventCountry "SRB"]
[SourceTitle "CBM 215 Extra"]
[Source "ChessBase"]
[SourceDate "2023.09.30"]
[SourceVersion "1"]
[SourceVersionDate "2023.09.30"]
[SourceQuality "1"]

1. d4 d5 2. c4 c6 3. Nc3 Nf6 4. e3 a6 5. Nf3 e6 6. b3 Bd6 7. Bd3 Nbd7 8. 0-0 0-0 9. Bb2 Re8 10. Qc2 dxc4 11. bxc4 e5 12. Ne4 Nxe4 13. Bxe4 h6 14. Rad1 exd4 15. Rxd4 Qc7 16. Rfd1 Be7 17. Bh7+ Kh8 18. Bf5 Nf6 19. Bxc8 Raxc8 20. Qf5 Red8 21. Ne5 Kg8 22. Ng4 c5 23. R4d3 Rxd3 24. Rxd3 Nxg4 25. Qxg4 Bf8 26. g3 b5 27. Qf5 Rd8 28. Be5 Qa5 29. Bc3 Qb6 30. Qe4 1/2-1/2

[Event "Pardubice Czech op-A 34th"]
[Site "Pardubice"]
[Date "2023.07.28"]
[Round "8"]
[White "Koziorowicz, Michal"]
[Black "Shaik, Sumer Arsh"]
[Result "1-0"]
[WhiteElo "2307"]
[BlackElo "2176"]
[PlyCount "101"]
[EventDate "2023.07.21"]
[EventType "swiss"]
[EventRounds "9"]
[EventCountry "CZE"]
[SourceTitle "CBM 215 Extra"]
[Source "ChessBase"]
[SourceDate "2023.09.30"]
[SourceVersion "1"]
[SourceVersionDate "2023.09.30"]
[SourceQuality "1"]

1. e4 e5 2. Nf3 Nf6 3. Nc3 Nc6 4. a4 Bc5 5. Nxe5 Nxe5 6. d4 Bd6 7. f4 Nc6 8. e5 Bb4 9. d5 Qe7 10. dxc6 dxc6 11. Bd2 Bf5 12. Bd3 Bxd3 13. cxd3 0-0-0 14. 0-0 Nd5 15. Nxd5 Rxd5 16. Bxb4 Qxb4 17. Qg4+ Rd7 18. Qxg7 Rhd8 19. Qxh7 Qxb2 20. Rae1 Kb8 21. h4 a6 22. Rf3 Qb4 23. Re4 Qc5+ 24. Kh2 Rxd3 25. Rxd3 Rxd3 26. Qxf7 Rd1 27. Qg8+ Ka7 28. Qb3 Qg1+ 29. Kg3 b6 30. Qe3 Qf1 31. Qf3 Qg1 32. f5 Rd8 33. e6 Kb7 34. h5 b5 35. axb5 axb5 36. h6 Rh8 37. e7 Rg8+ 38. Rg4 Qe1+ 39. Kh2 Rh8 40. Qf4 Qxe7 41. f6 Qf7 42. Rg7 Qh5+ 43. Kg3 Rc8 44. h7 Kb6 45. Qe3+ Kb7 46. Qe6 Rd8 47. Qe4 Rd5 48. Rg4 Rd7 49. Rh4 Qg5+ 50. Kh2 Rd4 51. Qxd4 1-0

[Event "Pardubice Czech op-A 34th"]
[Site "Pardubice"]
[Date "2023.07.25"]
[Round "5"]
[White "Shaik, Sumer Arsh"]
[Black "Sieber, Fiona"]
[Result "1-0"]
[WhiteElo "2176"]
[BlackElo "2323"]
[PlyCount "90"]
[EventDate "2023.07.21"]
[EventType "swiss"]
[EventRounds "9"]
[EventCountry "CZE"]
[SourceTitle "CBM 215 Extra"]
[Source "ChessBase"]
[SourceDate "2023.09.30"]
[SourceVersion "1"]
[SourceVersionDate "2023.09.30"]
[SourceQuality "1"]

1. d4 Nf6 2. c4 g6 3. Nc3 d5 4. Nf3 Bg7 5. Qb3 dxc4 6. Qxc4 0-0 7. e4 a6 8. Be2 b5 9. Qb3 c5 10. dxc5 Nc6 11. e5 Be6 12. exf6 Bxb3 13. fxg7 Kxg7 14. axb3 Nd4 15. Nxd4 Qxd4 16. Be3 Qb4 17. Ra3 Qh4 18. 0-0 b4 19. Ra4 Rab8 20. Nd5 Rfd8 21. Bf3 e6 22. g3 Qh3 23. Nxb4 Qf5 24. Kg2 Rd7 25. c6 Re7 26. Rc1 e5 27. c7 Rc8 28. Nxa6 e4 29. Be2 Qd5 30. Rd4 Qxb3 31. Rd8 Qb7 32. Rxc8 Qxc8 33. Rd1 Rxc7 34. Nxc7 Qxc7 35. b4 h5 36. h4 f6 37. b5 Qb7 38. b6 g5 39. hxg5 Kg6 40. Rd6 Kf5 41. Rxf6+ Ke5 42. Bxh5 Qh7 43. Bg4 Qb7 44. Re6+ Kd5 45. Rxe4 Kd6 1-0

[Event "Titled Tuesday intern op 09th May Early"]
[Site "Chess.com INT"]
[Date "2023.05.09"]
[Round "5"]
[White "Brady, Tyson"]
[Black "Shaik, Sumer Arsh"]
[Result "1-0"]
[WhiteElo "2092"]
[BlackElo "2211"]
[PlyCount "75"]
[EventDate "2023.05.09"]
[EventType "swiss (blitz)"]
[EventRounds "11"]
[EventCountry "USA"]
[SourceTitle "CBM 214 Extra"]
[Source "ChessBase"]
[SourceDate "2023.07.31"]
[SourceVersion "1"]
[SourceVersionDate "2023.07.31"]
[SourceQuality "1"]

1. e4 e5 2. Nf3 Nc6 3. Bb5 a6 4. Bxc6 dxc6 5. 0-0 f6 6. d4 exd4 7. Nxd4 c5 8. Ne2 Be6 9. Nbc3 Qxd1 10. Rxd1 Bd6 11. Bf4 Bxf4 12. Nxf4 Bf7 13. Rd2 Rd8 14. Rxd8+ Kxd8 15. Rd1+ Kc8 16. f3 Ne7 17. Nfd5 Nxd5 18. Nxd5 Re8 19. Kf2 Be6 20. g4 c6 21. Nc3 b5 22. a3 Kc7 23. Ne2 Bf7 24. h4 a5 25. Ng3 g6 26. g5 fxg5 27. hxg5 a4 28. f4 b4 29. f5 Bg8 30. Kf3 gxf5 31. exf5 Bd5+ 32. Kf4 Kb6 33. f6 Kb5 34. Nf5 Re4+ 35. Kg3 Re2 36. Nd6+ Kb6 37. Rxd5 cxd5 38. f7 1-0

[Event "Titled Tuesday intern op 09th May Early"]
[Site "Chess.com INT"]
[Date "2023.05.09"]
[Round "7"]
[White "Qiao, Cindy"]
[Black "Shaik, Sumer Arsh"]
[Result "0-1"]
[WhiteElo "1785"]
[BlackElo "2211"]
[PlyCount "120"]
[EventDate "2023.05.09"]
[EventType "swiss (blitz)"]
[EventRounds "11"]
[EventCountry "USA"]
[SourceTitle "CBM 214 Extra"]
[Source "ChessBase"]
[SourceDate "2023.07.31"]
[SourceVersion "1"]
[SourceVersionDate "2023.07.31"]
[SourceQuality "1"]

1. d4 Nf6 2. Bf4 d5 3. e3 c5 4. c3 Nc6 5. Nf3 Bg4 6. Nbd2 e6 7. Be2 Bd6 8. Bg3 Bxg3 9. hxg3 Qd6 10. Qa4 0-0 11. dxc5 Qxc5 12. e4 Bxf3 13. Bxf3 Ne5 14. 0-0 Nxf3+ 15. gxf3 Rfd8 16. Rad1 Qb6 17. Qb3 Qc7 18. Kg2 a5 19. Rh1 a4 20. Qb4 a3 21. b3 b5 22. exd5 Nxd5 23. Qh4 h6 24. c4 Nc3 25. Ne4 Nxd1 26. Nf6+ Kf8 27. Nh7+ Ke8 28. Nf6+ gxf6 29. Qxf6 Qe7 30. Qh8+ Kd7 31. Rxd1+ Kc7 32. Rxd8 Rxd8 33. Qe5+ Qd6 34. Qxb5 f5 35. Qa5+ Kd7 36. Qa7+ Ke8 37. Qg7 Qf8 38. Qg6+ Ke7 39. Qh7+ Kd6 40. Qb7 Qe7 41. Qb6+ Kd7 42. Qa7+ Ke8 43. Qa4+ Kf7 44. b4 Rd4 45. Qb3 f4 46. g4 h5 47. c5 hxg4 48. fxg4 Qg5 49. Kh3 Qh6+ 50. Kg2 Qh4 51. Qf3 Rxb4 52. c6 Rc4 53. c7 Qe7 54. Qd3 Qxc7 55. Qh7+ Ke8 56. Qg8+ Kd7 57. Qf7+ Kd6 58. Qf8+ Kc6 59. Qxa3 Qb7 60. f3 Rc2+ 0-1